| 000 | 00520 a2200169 4500 | ||
|---|---|---|---|
| 020 | _a0007120788 | ||
| 040 |
_aDLC _bDLC |
||
| 082 | 0 | 0 | _a823.912 |
| 100 | 1 | _aChristie, Agatha, | |
| 245 | 1 | 0 |
_aCat among the pigeons _cChristie, Agatha |
| 260 |
_aLondon : _bHarperCollins Publishers , _c1959. |
||
| 300 |
_a 352 p. ; _c19 cm. |
||
| 650 | 0 |
_aPoirot, Hercule (Fictitious character) _xFiction. |
|
| 650 | 0 |
_aPrivate investigators _zEngland _xFiction. |
|
| 655 | 7 | _aDetective and mystery stories. | |
| 942 |
_cBK _k823.912 CHR _2ddc |
||
| 999 |
_c9594 _d9594 |
||